| 000 | 00987nam a2200265 a 4500 | ||
|---|---|---|---|
| 001 | 000047416 | ||
| 003 | DO-SdBNP | ||
| 005 | 20210830143132.0 | ||
| 008 | 180516s2007 dr 000 0 spa d | ||
| 020 | _a9789945420210 | ||
| 040 |
_aDO-SdBNP _bspa _cBNPHU |
||
| 082 | 4 |
_aCu861.08 _bP745c _222 |
|
| 245 | 0 | 3 |
_aLa poesía contemporánea de Santiago de Cuba / _cselección León Estrada, Pedro López cerviño; idea y prólogo de Enegildo Peña. |
| 260 |
_aSan Francisco de Macorís, República Dominicana : _bÁngeles de Fierro, _c2007 |
||
| 260 |
_aSan Francisco de Macorís, República Dominicana :, _c2007. |
||
| 300 |
_a180 p. ; _c20 cm. |
||
| 590 | _aInventariado, 2018/VM | ||
| 650 | 4 |
_aPoesía cubana _vColecciones _975052 |
|
| 650 | 4 |
_aLiteratura cubana _975053 |
|
| 700 | 1 |
_aEstrada, León _975054 |
|
| 700 | 1 |
_aPeña, Enegildo _aLópez cerviño, Pedro _975055 |
|
| 700 | 1 |
_aPeña, Enegildo _epról. _979641 |
|
| 910 | _aValidado. Control de calidad MFF | ||
| 942 |
_2ddc _cLBS1 |
||
| 999 |
_c46904 _d46904 |
||